| 000 | 00367nam a22001337a 4500 | ||
|---|---|---|---|
| 082 | _aP-756 | ||
| 100 |
_aAwais Bin arif _951254 |
||
| 245 | _aExperimental testing of ground improvement techniques on swat motorway | ||
| 260 |
_aRisalpur, _bMCE, _c2017 |
||
| 300 |
_a94p. _bSyn#11 |
||
| 526 |
_a0 _b0 _c0 _dP_756 |
||
| 700 |
_aLt Col Dr Mazhar _951255 |
||
| 942 |
_2ddc _cBK |
||
| 999 |
_c553985 _d553985 |
||